Environmental management accounting policies and linkages

Αποθηκεύτηκε σε:
Λεπτομέρειες βιβλιογραφικής εγγραφής
Συλλογικό Έργο: United Nations. Division for Sustainable Development, Expert Working Group on "Improving the Role of Government in the Promotion of Environmental Management Accounting", Austria Bundesministerium fur Verkehr, Innovation und Technologie
Μορφή: Βιβλίο
Γλώσσα:English
Δημοσίευση: New York : United Nations, 2002
Θέματα:
Ετικέτες: Προσθήκη ετικέτας
Δεν υπάρχουν, Καταχωρήστε ετικέτα πρώτοι!

MARC

LEADER 00000nam a2200000 i 4500
001 1/91295
008 080721s2002 eng d
020 |a 92-1-104513-4 
035 |l 10099103 
040 |a GR-MY-UA  |b gre  |e aacr 
041 0 |a eng 
082 0 |a 658.408  |2 (22) 
245 1 0 |a Environmental management accounting policies and linkages /  |c prepared for the Expert Working Group on Improving the Role of Government in the Promotion of Environmental Management Accounting ; United Nations Division for Sustainable Development ; in cooperation with Austrian Ministry of Transport, Innovation and Technology ... [κ.ά.] 
260 |a New York :   |b United Nations,   |c 2002 
300 |a iv, 238 σ.;  |b εικ.;  |c 28 εκ. 
504 |a Βιβλιογραφία: σ. 229-238 
650 0 0 |a Environmental auditing. 
710 2 |a United Nations.   |b Division for Sustainable Development. 
710 2 |a Expert Working Group on "Improving the Role of Government in the Promotion of Environmental Management Accounting". 
710 1 |a Austria  |b Bundesministerium fur Verkehr, Innovation und Technologie. 
852 |a INST  |b LESVOS  |e 20080721  |h 658.408 ENV  |p 005100041820  |q 005100041820  |t BK  |y 0 
901 |a BIBL1-2008-2 
909 |a Λ  |b 151121 
922 |a 1ΕΛΗ  |b 200803  |c ΕΠΕΑΕΚ2/ΤΠ  |d ΠΑΠΑΣΩΤΗΡΙΟΥ 
970 |a ΚΑΡΑ  |b ΓΙΑΣΕΜΗ  |z 2008/07/21